000 00888nas a2200253 454500
001 474
005 20260407193503.0
008 260407s2007####ag###########|||spa#d
003 AR-UNSa-BCEJYS
040 _aAR-UNSa-BCEJYS
_bspa
_cAR-UNSa-BCEJYS
080 _a336.22
_xImpuestos
245 1 0 _aConsultor tributario
264 1 _aBuenos Aires :
_bErrepar
_c2007
310 _aFrecuencia: Mensual
505 _aPublicación mensual especializada netamente práctica que le otorga al profesional un enfoque integral sobre todos los temas que necesita conocer.
041 _aspa
942 _cSER
590 _aniveau_biblio:s niveau_hierar:1
100 1 _aLorenzo, Armando
650 _aImpuesto sobre la renta
650 _aDerecho Tributario
650 _aProcedimiento Tributario
856 4 1 _uhttps://biblioeco.unsa.edu.ar/pmb/images/revistas/R10499.jpg
_yImagen de portada
_qimage/jpeg
999 _c8366
_d8366